Ukrainian Placenames in English - Statistics

General Stats
  • This quiz has been taken 57 times
  • The average score is 10 of 15
Answer Stats
Hint Answer % Correct
Київ Kiev
100%
Одеса Odessa
98%
Харків Kharkiv
96%
Львів Lviv
96%
Донецьк Donetsk
90%
Маріуполь Mariupol
78%
Херсон Kherson
62%
Полтава Poltava
62%
Житомир Zhytomyr
60%
Луганськ Luhansk
54%
Черкаси Cherkasy
52%
Миколаїв Mykolaiv
48%
Запоріжжя Zaporizhia
48%
Кривий Ріг Kryvyi Rih
38%
Вінниця Vinnytsia
38%
No matching quizzes found
Score Distribution
Percent of People with Each Score
Percentile by Number Answered
Your Score History
You have not taken this quiz